000 00370nam a2200145Ia 4500
008 210716s1987 xx 000 0 und d
041 _aeng
082 _a005.135 BISA
100 _aBiswas, Anupam.
245 _aProfessional computer programming.
250 _a1
260 _aBombay
_bPopular Prakashan Private Limited
_c1987
300 _aviii,132
650 _aNone
999 _c180876
_d180876